00761 a2200385 4500000002100000001000700021005001700028008004100045010000500086020000500091082001600096100001800112110000500130245007900135250000500214260003400219300001000253490000700263500000500270600000500275610000500280611000500285630000500290650000500295651000500300654000500305700002200310710000900332711000500341720000500346730000500351740000500356752000500361856000900366BKB 13592320200902152933.0  a a a631.4bH73C1 aHazelton, Pam a1 aUnderstanding soils in urban environmentcby Pam Hazelton and Brian Murphy a aLondonbEarthscan/CSIROc2011 a148p. av a a a a a a a a aMurphy, Brianbc abc a a a a a adf